Hernani (Record no. 155694)
[ view plain ]
| 000 -LEADER | |
|---|---|
| campo de control de longitud fija | 00630nam a22001935i 4500 |
| 001 - NÚMERO DE CONTROL | |
| campo de control | 155694 |
| 003 - IDENTIFICADOR DE NÚMERO DE CONTROL | |
| campo de control | ES-MaACL |
| 005 - FECHA Y HORA DE LA ÚLTIMA TRANSACCIÓN | |
| campo de control | 20250716062626.0 |
| 008 - DATOS DE LONGITUD FIJA--INFORMACIÓN GENERAL | |
| campo de control de longitud fija | 040727s1881 fr |||| | fre d |
| 040 ## - FUENTE DE CATALOGACIÓN | |
| Centro catalogador/agencia de origen | CAM |
| Lengua de catalogación | spa |
| Centro/agencia transcriptor | CAM |
| 100 1# - ENTRADA PRINCIPAL--NOMBRE DE PERSONA | |
| Nombre de persona | Hugo, Victor, |
| Fechas asociadas al nombre | 1802-1885 |
| 9 (RLIN) | 64627 |
| 245 10 - MENCIÓN DEL TÍTULO | |
| Título | Hernani |
| Resto del título | : [drame] / |
| Mención de responsabilidad, etc. | Victor Hugo. |
| 250 ## - MENCION DE EDICION | |
| Mención de edición | Nouvelle éd. |
| 260 ## - PUBLICACIÓN, DISTRIBUCIÓN, ETC. | |
| Lugar de publicación, distribución, etc. | Paris : |
| Nombre del editor, distribuidor, etc. | Calmann Lévy éditeur, |
| Fecha de publicación, distribución, etc. | 1881 ( |
| Fabricante | Impr. J. Claye : A. Quantin et c\pe\s) |
| 300 ## - DESCRIPCIÓN FÍSICA | |
| Extensión | VIII, 160 p. ; |
| Dimensiones | 18 cm. |
| 594 ## - Nota al título y mención de responsabilidad | |
| Nota al título y mención de responsabilidad | Subtit. tomado de la antep. |
| 852 ## - LOCALIZACIÓN | |
| Ubicación | ES-MaACL |
| Número de control de estantería | F-9050 |
| Nota libre | -- Enc. hol. conservando la cub. original |
| Estatus retirado | Estado de pérdida | Estado de daño | No para préstamo | Colección | Biblioteca de origen | Biblioteca actual | Ubicación en estantería | Fecha de adquisición | Fuente de adquisición | Total de préstamos | Signatura topográfica completa | Código de barras | Visto por última vez | Precio de reemplazo | Tipo de ítem Koha |
|---|---|---|---|---|---|---|---|---|---|---|---|---|---|---|---|
| Libros del s. XIX | Biblioteca del Ateneo de Madrid | Biblioteca del Ateneo de Madrid | Sala Pecera Planta 2 | 17/01/2008 | F-9050 | 1162860 | 23/02/2023 | 23/02/2023 | Libro impreso antiguo |
